000
00171nam a2200085Ia 4500
003
GCL
008
140319s9999 xx 000 0 ara d
040
_a
GCL /
_c
GCL
082
0
4
_a
8f
999
_c
25755
_d
25755